Les Grans tradicions populars : ombres i titelles / M. R. Contractor ... [et al.] ; traduccions d' Irene Peypoch ; número dirigit per Jordi Coca ombres i titelles / M. R. Contractor ... [et al.] ; traduccions d' Irene Peypoch ; número dirigit per Jordi Coca
Descripción Física:
173 p., [12] p. de làm. ; 22 cm
Colección:
Monografies de teatre ; 7
MARC
| LEADER | 00000nam a2200000Ia 4500 | ||
|---|---|---|---|
| 001 | 6868 | ||
| 008 | 160829s1980 xx 000 0 cat d | ||
| 080 | |a B-1-165 | ||
| 245 | |a Les Grans tradicions populars : |b ombres i titelles / M. R. Contractor ... [et al.] ; traduccions d' Irene Peypoch ; número dirigit per Jordi Coca | ||
| 250 | |a 2a ed. | ||
| 260 | |a Barcelona : |b Institut del Teatre : |b Edicions 62, |c 1980 | ||
| 300 | |a 173 p., [12] p. de làm. ; |c 22 cm | ||
| 490 | |a Monografies de teatre ; 7 | ||
| 650 | 0 | |a Titelles i teatre de titelles |9 35894 | |
| 650 | |a Ombres xineses |9 36638 | ||
| 700 | |a Contractor, M. R. |9 36639 | ||
| 700 | |a Peypoch, Irene, tr. |9 35902 | ||
| 700 | |a Coca, Jordi, |d 1947- |e director |9 28798 | ||
| 710 | 1 | |a Institut del Teatre (Barcelona, Catalunya) |9 52662 | |
| 901 | |a Arxiu | ||
| 942 | |n 1 |2 udc | ||
| 952 | |0 0 |1 0 |4 0 |6 B1165 |7 1 |9 47408 |a Arxiu |b Arxiu |d 2016-12-01 |l 0 |o B-1-165 |p 6868 |r 2016-12-01 00:00:00 |w 2016-12-01 |y ARXIU | ||
| 999 | |c 51206 |d 51206 | ||